The Oxford History of MODREN WAR / (Record no. 614029)

000 -LEADER
fixed length control field 00392nam a22001217a 4500
040 ## - CATALOGING SOURCE
Transcribing agency NUST
082 ## - DEWEY DECIMAL CLASSIFICATION NUMBER
Edition number 21st
Classification number 355.009
Author Mark OXF
100 ## - MAIN ENTRY--PERSONAL NAME
Personal name Townshend , Charles
9 (RLIN) 74517
245 ## - TITLE STATEMENT
Title The Oxford History of MODREN WAR /
Statement of responsibility, etc. Charles Townshend
260 ## - PUBLICATION, DISTRIBUTION, ETC.
Place of publication, distribution, etc. Rawalpindi:
Name of publisher, distributor, etc. Army Education Publishing House GHQ,
Date of publication, distribution, etc. 2008.
300 ## - PHYSICAL DESCRIPTION
Extent iv, 406 p. :
Dimensions 23 cm .
942 ## - ADDED ENTRY ELEMENTS (KOHA)
Source of classification or shelving scheme
Koha item type Book
Classification part 355.009

No items available.

© 2023 Central Library, National University of Sciences and Technology. All Rights Reserved.